00790nam a2200205 a 450000100100000000500170001000800410002702000150006804000250008310000320010824000380014024501020017826000190028049000440029950000220034370000460036583000510041195201050046299900170056700004310720201002040638.0140219s1975 sp 000 f spa d a842064028X aDO-SdBNPbspacBNPHU1 aBurt, Michaeld1950-97064010aThe case of the angels´ trumpets13aEl caso de las trompetas celestiales /cMichael Burt; traducción de Lucrecia Moreno de Sáenz. aMadrid,c1975.1 aSelecciones del Séptimo círculov28 aLibro de bolsillo12aMoreno de Sáenz, Lucreciaetrad.913036 0aSelecciones del Séptimo círculon28970641 001050718MOaGRbGRcCTd2014-02-19iLF1l0o p43107-10r2020-06-25w2020-06-25y1ZNo se presta c42596d42596